000
00306nam a22001337a 4500
008
230626b xxu||||| |||| 00| 0 eng d
082
_a
328.710
_b
LEV
100
_c
Gary Levy
245
_a
Canadian Parliamentary Review
260
_a
Canada
_c
2002
300
_a
56p
440
_v
volume 25
942
_2
ddc
_c
BK
999
_c
2563
_d
2563